000 01003aam a2200361 4500
005 20231115103600.0
008 150626b2003 xxu||||| |||| 00| 0 spa d
020 _a9788420536781
041 _aESP
082 _a629.83 O34i4
100 _aOgata, Katsuhiko
_910027
245 _aIngeniería de control moderna
250 _a4 edición
260 _aEspaña
260 _bPrentice-Hall
260 _c2003
300 _a984 páginas
650 _aINGENIERÍA DE CONTROL
650 _aSISTEMAS DE CONTROL
650 _aMATRIZ
650 _aCIRCUITO DE ATRASO
650 _aAMPLIFICADORES
650 _aMATLAB
650 _aSISTEMAS MECÁNICOS
650 _aSISTEMAS ELÉCTRICOS
650 _aTRANSFORMADA DE LAPLACE
650 _aMODELADO MATEMÁTICO
650 _aSISTEMAS DE FLUIDOS
650 _aSISTEMAS TÉRMICOS
650 _aSISTEMAS DE CONTROL LINEALES
942 _cBK
_2ddc
999 _c1503
_d1503